Lidská stránka počítačových informačních systémů
Problematika ľudského faktora pri zavádzaní a užívaní počítačových informačných systémov (PIS). Niektoré zákonitosti v ktorých je rola ľudského faktora nezastupiteľná. Ľudská komunikácia v podniku a prenos informácií. Problematika PIS pri naplňovaní a trvalom udržiavaní dátových súborov.
Saved in:
| Main Author: | |
|---|---|
| Format: | Book Chapter |
| Language: | Czech |
| Subjects: | |
| Tags: |
No Tags, Be the first to tag this record!
|
MARC
| LEADER | 00000naa a2200000 4500 | ||
|---|---|---|---|
| 001 | r022359 | ||
| 005 | 20230922083715.8 | ||
| 041 | 0 | |a cze | |
| 044 | |a CZ | ||
| 245 | 1 | 0 | |a Lidská stránka počítačových informačních systémů |c Josef Komárek |
| 520 | |a Problematika ľudského faktora pri zavádzaní a užívaní počítačových informačných systémov (PIS). Niektoré zákonitosti v ktorých je rola ľudského faktora nezastupiteľná. Ľudská komunikácia v podniku a prenos informácií. Problematika PIS pri naplňovaní a trvalom udržiavaní dátových súborov. | ||
| 610 | 2 | 0 | |a činiteľ ľudský |
| 610 | 2 | 0 | |a systémy počítačové |
| 610 | 2 | 0 | |a systémy informačné podnikové |
| 610 | 2 | 0 | |a komunikácia |
| 610 | 2 | 0 | |a systém človek-stroj |
| 610 | 2 | 0 | |a prenos dát |
| 100 | 1 | |a Komárek, Josef | |